000 00892nam a2200289Ia 4500
001 Z_1796
003 CHAP
008 220113s1996 xx 000 0 und d
010 _a164888
040 _cCHAP
090 _aTesis L 1207
100 _aLedesma Ibarra, Juan Luis
_965546
245 _aComportamiento de cerdos en engorda con Saccharina en la dieta /
_cpor Juan Luis Ledesma Ibarra y Eduardo Rosario Gómez
260 _aChapingo, Méx. :
_bEl autor,
_c1996
300 _a49 h.
502 _aTesis (Ing. Agr. Esp. en Zootecnia) -- UACH. Departamento de Zootecnia
650 _aCaña de azúcar como forraje
_918673
650 _aGanado porcino
_xAlimentación
_945329
650 _aGanado porcino
_xEngorda
_945362
700 _aRosario Gómez, Eduardo
_9138951
901 _aTESIS L 1207
902 _aM
910 _a1996
942 _c2
942 _c2
999 _c164888
_d164888